000 00442nam a2200181Ia 4500
001 21233
005 20260306172904.0
008 260306t2007||||xx |||||||||||||| ||spa||
041 _aESP
082 _a344.31
_bCH94
100 _aChunga Lamonja, Fermín G.
_eAUT
245 0 _aEl adolescente infractor y la ley penal
260 _c2007
300 _a293 páginas :
_ccm.
650 _aGEN
654 _aCDE
942 _cLIB
_dJUS
_fJUS
_2ddc
_n
999 _c21233
_d21233